Chameleon! / (Record no. 3203)

MARC details
000 -LEADER
fixed length control field 01796cam a22003737a 4500
001 - CONTROL NUMBER
control field 3203
003 - CONTROL NUMBER IDENTIFIER
control field FISKH
005 - DATE AND TIME OF LATEST TRANSACTION
control field 20250828112737.0
008 - FIXED-LENGTH DATA ELEMENTS--GENERAL INFORMATION
fixed length control field 110404s2005 nyua j 000 0 eng d
010 ## - LIBRARY OF CONGRESS CONTROL NUMBER
LC control number 2010537789
020 ## - INTERNATIONAL STANDARD BOOK NUMBER
International Standard Book Number 9780439781114 (pbk.)
020 ## - INTERNATIONAL STANDARD BOOK NUMBER
International Standard Book Number 0439781116 (pbk.)
035 ## - SYSTEM CONTROL NUMBER
System control number (OCoLC)ocm61858242
040 ## - CATALOGING SOURCE
Original cataloging agency IV2
Transcribing agency IV2
Modifying agency IV2
-- XY4
-- DLC
042 ## - AUTHENTICATION CODE
Authentication code lccopycat
050 00 - LIBRARY OF CONGRESS CALL NUMBER
Classification number QL666.L23
Item number C69 2005b
082 ## - DEWEY DECIMAL CLASSIFICATION NUMBER
Classification number 597.956
100 1# - MAIN ENTRY--PERSONAL NAME
Personal name Cowley, Joy.
245 10 - TITLE STATEMENT
Title Chameleon! /
Statement of responsibility, etc. story by Joy Cowley ; illustrated with photographs by Nic Bishop.
250 ## - EDITION STATEMENT
Edition statement First Scholastic paperback printing, May 2005
260 ## - PUBLICATION, DISTRIBUTION, ETC.
Place of publication, distribution, etc. New York :
Name of publisher, distributor, etc. Scholastic Press,
Date of publication, distribution, etc. 2005.
300 ## - PHYSICAL DESCRIPTION
Extent 30 unnumbered pages :
Other physical details color illustrations ;
Dimensions 22 x 26 cm.
500 ## - GENERAL NOTE
General note Originally published as: Chameleon, Chameleon.
505 ## - FORMATTED CONTENTS NOTE
Formatted contents note F
520 ## - SUMMARY, ETC.
Summary, etc. Experience close-up the many moods (and colors) of chameleons. One brave chameleon ventures from the safety of his tree in search of a new home. On his journey, he meets other rain forest animals, not all of them friendly! Alas, the new tree he chooses is already home to another chameleon. She dons her aggressive coloring until she's sure that the visitor is friend, not foe. Then they welcome each other with brilliant, happy colors. Incredible photographs and simple text perfect for young children is rounded out with informative backmatter on one of the planet's most captivating creatures.
521 8# - TARGET AUDIENCE NOTE
Target audience note 390<br/><br/>
Source Lexile
521 8# - TARGET AUDIENCE NOTE
Target audience note F
Source Raz-Plus
650 #0 - SUBJECT ADDED ENTRY--TOPICAL TERM
Topical term or geographic name entry element Chameleons
Form subdivision Juvenile literature.
650 #1 - SUBJECT ADDED ENTRY--TOPICAL TERM
Topical term or geographic name entry element Chameleons.
700 1# - ADDED ENTRY--PERSONAL NAME
Personal name Bishop, Nic,
Dates associated with a name 1955-
Relator term illustrator
906 ## - LOCAL DATA ELEMENT F, LDF (RLIN)
a 7
b cbc
c copycat
d 3
e ncip
f 20
g y-gencatlg
942 ## - ADDED ENTRY ELEMENTS (KOHA)
Source of classification or shelving scheme Dewey Decimal Classification
Koha item type Books
Suppress in OPAC No
Holdings
Withdrawn status Lost status Source of classification or shelving scheme Damaged status Not for loan Collection Home library Current library Shelving location Date acquired Total Checkouts Full call number Barcode Date last seen Copy number Price effective from Koha item type Date last checked out
    Dewey Decimal Classification     Non-Fiction Footprints International School Library Network Toul Kork Campus Footprints International School Library Network Toul Kork Campus TK Primary Library Room(4th Floor), Bookcase 1&2, Shelves 1-16, Dark Blue Books 04/24/2025 1 COW 597.956 QL666.L23 FISTK03995 12/17/2025 2 04/24/2025 Books 12/10/2025
    Dewey Decimal Classification     Non-Fiction Footprints International School Library Network Toul Kork Campus Footprints International School Library Network Toul Kork Campus TK Primary Library Room(4th Floor), Bookcase 1&2, Shelves 1-16, Dark Blue Books 04/28/2025 2 COW 597.956 QL666.L23 FISBK02262 12/04/2025 3 04/28/2025 Books 11/27/2025
    Dewey Decimal Classification     Non-Fiction Footprints International School Library Network Toul Kork Campus Footprints International School Library Network Toul Kork Campus TK Primary Library Room(4th Floor), Bookcase 1&2, Shelves 1-16, Dark Blue Books 06/02/2025 1 COW 597.956 QL666.L23 FISBK02261 11/27/2025 4 06/02/2025 Books 11/20/2025
    Dewey Decimal Classification     Non-Fiction Footprints International School Library Network Toul Kork Campus Footprints International School Library Network Toul Kork Campus TK Primary Library Room(4th Floor), Bookcase 1&2, Shelves 1-16, Dark Blue Books 07/02/2025 1 COW 597.956 QL666.L23 FISBK02264 10/02/2025 8 07/02/2025 Books 09/18/2025
    Dewey Decimal Classification     Non-Fiction Footprints International School Library Network Toul Tom Poung Campus Footprints International School Library Network Toul Tom Poung Campus TTP Primary Dark Blue Bookshelves 02/19/2024   COW 597.956 QL666.L23 FIS04828 02/19/2024 1 02/19/2024 Books  
    Dewey Decimal Classification     Non-Fiction Footprints International School Library Network Toul Tom Poung Campus Footprints International School Library Network Toul Tom Poung Campus TTP Primary Dark Blue Bookshelves 06/05/2025   COW 597.956 QL666.L23 2025-1535 06/05/2025 5 06/05/2025 Books  
    Dewey Decimal Classification     Non-Fiction Footprints International School Library Network Toul Tom Poung Campus Footprints International School Library Network Toul Tom Poung Campus TTP Primary Dark Blue Bookshelves 06/12/2025 2 COW 597.956 QL666.L23 FISTK02260 11/14/2025 6 06/12/2025 Books 10/31/2025
    Dewey Decimal Classification     Non-Fiction Footprints International School Library Network Toul Tom Poung Campus Footprints International School Library Network Toul Tom Poung Campus TTP Primary Dark Blue Bookshelves 06/17/2025   COW 597.956 QL666.L23 FISTK03966 06/17/2025 7 06/17/2025 Books  
    Dewey Decimal Classification     Non-Fiction Footprints International School Library Network Toul Tom Poung Campus Footprints International School Library Network Toul Tom Poung Campus TTP Primary Dark Blue Bookshelves 08/12/2025   COW 597.956 QL666.L23 FIS01721 08/12/2025 9 08/12/2025 Books  
    Dewey Decimal Classification     Non-Fiction Footprints International School Library Network Toul Tom Poung Campus Footprints International School Library Network Toul Tom Poung Campus TTP Primary Dark Blue Bookshelves 08/14/2025   COW 597.956 QL666.L23 FISBK02263 08/14/2025 10 08/14/2025 Books  
    Dewey Decimal Classification     Non-Fiction Footprints International School Library Network Toul Tom Poung Campus Footprints International School Library Network Toul Tom Poung Campus TTP Primary Dark Blue Bookshelves 08/25/2025   COW 597.956 QL666.L23 FISTKG1A184 08/25/2025 11 08/25/2025 Books  
    Dewey Decimal Classification     Non-Fiction Footprints International School Library Network Toul Tom Poung Campus Footprints International School Library Network Toul Tom Poung Campus TTP Primary Dark Blue Bookshelves 08/28/2025   COW 597.956 QL666.L23 FIS01914 08/28/2025 12 08/28/2025 Books